000 00568nam a22001937a 4500
003 OSt
005 20220107122756.0
008 150107b xxu||||| |||| 00| 0 eng d
020 _a9788131521755
040 _cIIITM-K
082 _a658.404 DAV/M
100 _aDavis, Barbara
_95934
245 _aMastering software project requirements: A framework for successful planning, development & Alignment
260 _aIndia
_bCengage
_c2014
300 _axx, 272p.
650 _aSOFTWARE PROJECT MANAGEMENT
_95935
650 _aPROJECT MANAGEMENT
_95936
942 _2ddc
_cBK
999 _c4496
_d4496